000 01657nam a2200349 a 4500
001 BRCA_3229
005 20190320204157.0
008 040309s1788----enka---###---#000-0#eng-#
041 _aeng
044 _aenk
084 _a530
_b.D637
_c1788
100 1 _aCervantes Saavedra, Miguel de
_d1547-1616
_9213
245 1 0 _aThe Life and Exploits of the Ingenious Gentleman Don Quixote de la Mancha
_cTranslated from the Original Spanish of Miguel de Cervantes Saavedra by Charles Jarvis.
250 _a5
260 _aLondres
_bJ. Dodsley
_c1788
300 _a4 v.
_bil.
_c18 cm.
500 _aContenido : v.1. Primera parte. Prefacio del traductor. Vida del autor extraida de la excrita por Mayáns. Prólogo y retrato de Cervantes. -- v.2. Texto. -- v.3. Segunda parte. Prólogo del autor. -- v.4. Texto
500 _aEdición : The Whole Carefully Revised and Corrected with a new Translation of the Poetical Parts by Another Hand
500 _aQuinta edición de la traducción de Jarvis, copia de la cuarta, publicada en 1766. Piel; lomos y planos decorados con dorados Lúdovik osterc
500 _aEstado físico : vol. 1 y 4 hojas desprendidas
500 _aCon ex-libris de : Lady Davy
500 _aQM416
546 _aTexto en : inglés
650 1 4 _aNovela española
_yÉpoca clásica, 1500-1700
_9215
650 1 4 _aLiteratura española
_yÉpoca clásica, 1500-1700
_9216
650 1 4 _aNovela española
_ySiglo XVII
_9217
650 1 4 _aDon Quijote (Personaje ficticio)
_eNovela
_9218
700 1 _aJarvis, Charles
_d?-1739
_eTraductor
_98619
740 0 _aEl Ingenioso Hidalgo Don Quijote de la Mancha
902 _aQFM
942 _2lcc
_cB
999 _c2965
_d2965